01899nam a2200493 i 450000100060000000300080000600500170001400600190003100700150005000800410006502000270010602000180013303500230015103500240017403500250019803500210022304000310024405000220027508000070029708200160030410000330032024501410035325000230049426400540051730000410057133600310061233700330064333800430067649000220071950000220074150400290076358801280079259001640092065000290108465000330111365100370114665100370118365500270122070000370124779700190128483000230130385600620132699900170138823492FlNmELB20241216214106.0m o d | cr cnu||||||||141127s2010 mx ob 001 0 spa d a9781413558036 (e-book) z9786074012521 a(MiAaPQ)EBC3225995 a(Au-PeEL)EBL3225995 a(CaPaEBR)ebr10957975 a(OCoLC)991965423 aFINmELBbspaerdacFINmELB 4aJL1281b.A76 2010 a320 a320.9722231 aAttili Cardamone, Antonella.10aMás allá de la transición :blos cambios políticos en México, 1977-2008 /cAntonella Attili Cardamone, Luis Salazar Carrión. aPrimera edición. 1aMéxico, D.F. :bMiguel Ángel Porrúa,c2010. a1 recurso en línea (171 páginas) atextobtxt2rdacontent/spa acomputadorabc2rdamedia/spa arecurso en líneabcr2rdacarrier/spa1 aCiencias sociales aIncluye índice. aContiene bibliografía. aDescripción basada en recurso en línea; Título de la página del título en PDF (e-libro, visto November 27, 2014). aRecurso electrónico. Santa Fe, Arg.: e-libro, 2015. Disponible vía World Wide Web. El acceso puede estar limitado para las bibliotecas afiliadas a e-libro. 0aDemocratizationzMexico. 4aDemocratizaciónzMéxico. 0aMexicoxPolitics and government. 4aMéxicoxPolítica y gobierno. 4aLibros electrónicos.1 aSalazar Carrión, Luis,eautor.2 ae-libro, Corp. 0aCiencias sociales.40uhttps://elibro.net/ereader/politecnicointernacional/38285 c23492d23492